| 000 | 02551cam a2200277 i 4500 | ||
|---|---|---|---|
| 001 | 17590454 | ||
| 005 | 20170204103029.0 | ||
| 008 | 130114s2013 nyua b 001 0 eng | ||
| 020 | _a9781476734941 (hardback) | ||
| 040 | _cPK-LaUMT | ||
| 082 | 0 | 0 |
_a613.25 _223 _bMOS-F |
| 100 | 1 | _aMosley, Michael | |
| 245 | 1 | 4 |
_aThe fast diet : _blose weight, stay healthy, and live longer with the simple secret of intermittent fasting / _cMichael Mosley and Mimi Spencer |
| 260 |
_aNew York : _bAtria Books, _c2013 |
||
| 300 |
_a212 p. _bcolor illustrations. ; _c22 cm |
||
| 520 | _a"Is it possible to eat anything you want, five days a week, and become slimmer and healthier as a result? Simple answer: yes. You just limit your calorie intake for two nonconsecutive days each week to 500 calories for women, 600 for men. You'll lose weight quickly and effortlessly, and the joy of the FastDiet is that the side effects are all welcome. The science is easy. Intermittent fasting takes your body out of go-go mode and puts it into survival mode, causing the body to slow production of new cells and repair old ones instead. As a result, you not only lose weight but also reduce your risk of a range of diseases from diabetes and arthritis to cardiovascular disease and even cancer. On top of that, you slow the aging process and boost your brain power. This book brings together the results of new, groundbreaking research to create a dietary program that can be incorporated into your busy daily life, featuring: Forty 500- and 600-calorie meals that are quick and easy to make 8 pages of photos that show you what a typical "fasting meal" looks like the cutting-edge science behind the program. A calorie counter that makes dieting easy, and much more. Far from being just another fad, the FastDiet is a radical new way of thinking about food, a lifestyle choice that doctors are actually recommending for general health. This is your indispensable guide to effective weight loss without sacrificing the foods you love and a scientifically proven way to have your cake and eat it, too"-- | ||
| 520 | _a"This new diet allows users to eat whatever they like five days a week and then fast (consuming 500-600 calories/day) for two nonconsecutive days--and lose weight quickly and easily"-- | ||
| 650 | 0 | _aReducing diets | |
| 650 | 0 | _aDiet. | |
| 650 | 7 | _aHEALTH & FITNESS / Diets. | |
| 650 | 7 | _aHEALTH & FITNESS / General. | |
| 650 | 7 | _aHEALTH & FITNESS / Weight Loss. | |
| 650 | 0 | _aIntermittent fasting. | |
| 700 | 1 | _aSpencer, Mimi, | |
| 942 | _cBK | ||
| 999 |
_c90773 _d90773 |
||